Ox-cart man / (Record no. 8042)

MARC details
000 -LEADER
fixed length control field 00960nam a22003017a 4500
001 - CONTROL NUMBER
control field 8042
003 - CONTROL NUMBER IDENTIFIER
control field FISKH
005 - DATE AND TIME OF LATEST TRANSACTION
control field 20250819131751.0
008 - FIXED-LENGTH DATA ELEMENTS--GENERAL INFORMATION
fixed length control field 250819b cb ||||| |||| 00| 0 eng d
020 ## - INTERNATIONAL STANDARD BOOK NUMBER
International Standard Book Number 0590422421
040 ## - CATALOGING SOURCE
Original cataloging agency FISKH
Language of cataloging eng
Transcribing agency FISKH
Modifying agency FISKH
050 ## - LIBRARY OF CONGRESS CALL NUMBER
Classification number PZ7.H14115 O
082 ## - DEWEY DECIMAL CLASSIFICATION NUMBER
Classification number 823
100 ## - MAIN ENTRY--PERSONAL NAME
Personal name Hall, Donald
Dates associated with a name (1928–2018)
245 ## - TITLE STATEMENT
Title Ox-cart man /
Statement of responsibility, etc. By Donald Hall ; Pictures by Barbara Cooney
250 ## - EDITION STATEMENT
Edition statement This edition first published in 1988
260 ## - PUBLICATION, DISTRIBUTION, ETC.
Place of publication, distribution, etc. New York :
Name of publisher, distributor, etc. Scholastic,
Date of publication, distribution, etc. 1979
300 ## - PHYSICAL DESCRIPTION
Extent 37 unnumbered pages :
Other physical details color illustrations ;
Dimensions 21 x 26 cm
505 ## - FORMATTED CONTENTS NOTE
Formatted contents note Z<br/>
520 ## - SUMMARY, ETC.
Summary, etc. Describes the day-to-day life throughout the changing seasons of an early 19th-century New England family.<br/>
521 8# - TARGET AUDIENCE NOTE
Target audience note 1130<br/>
Source Lexile<br/>
521 8# - TARGET AUDIENCE NOTE
Target audience note Z<br/>
Source Raz-Plus<br/>
650 ## - SUBJECT ADDED ENTRY--TOPICAL TERM
Source of heading or term Farming
Topical term or geographic name entry element Seasons
650 ## - SUBJECT ADDED ENTRY--TOPICAL TERM
Source of heading or term New England
Topical term or geographic name entry element Caldecott Medal
700 ## - ADDED ENTRY--PERSONAL NAME
Personal name Cooney, Barbara
Dates associated with a name illustrator
942 ## - ADDED ENTRY ELEMENTS (KOHA)
Source of classification or shelving scheme Dewey Decimal Classification
Koha item type Books
Suppress in OPAC No
Holdings
Withdrawn status Lost status Source of classification or shelving scheme Damaged status Not for loan Collection Home library Current library Shelving location Date acquired Total Checkouts Full call number Barcode Date last seen Copy number Price effective from Koha item type
    Dewey Decimal Classification     Fiction Footprints International School Library Network Toul Tom Poung Campus Footprints International School Library Network Toul Tom Poung Campus TTP Secondary Fiction Bookshelves 08/19/2025   HAL 823 PZ7.H14115 O FISBK01710 08/19/2025 1 08/19/2025 Books